Úspešný odchov amazoňana čiernouchého (Amazona xantholora)

Bibliographic Details
Main Author: Nedělník, Jan, 1958- (Author)
Format: Article
Language:Slovak
Subjects:

MARC

LEADER 00000nab a2200000 ar4500
001 vtls008301029
003 SK-MaSNL
005 20260304040919.0
008 051004c2005 xo mr|p|||||||000 b|slo
015 |a SNBRB2005/10  |2 snkbucl 
038 |a SNKBUCL 
040 |a SNKBUCL  |b slo  |c SNKBUCL  |e AACR2 
041 0 |a slo 
044 |a xo  |c SK 
080 |a 636.68  |2 UDC-MRF-SK2 
100 1 |a Nedělník, Jan,  |d 1958-  |4 aut  |9 9066 
245 1 0 |a Úspešný odchov amazoňana čiernouchého (Amazona xantholora)  |c Jan Nedělník 
300 |b Fotogr. 
650 0 7 |a amazoňan čiernouchý  |2 snkbucl  |9 79373 
650 0 7 |a chov domácich zvierat  |2 snkbucl  |9 2801 
650 0 7 |a odchov  |2 snkbucl  |9 649425 
773 0 |t Magazín chovateľa  |g Roč. [4], č. 6 (2005), s. 31-32  |x 1335-9932 
852 |a SNK  |b KIS3GCP 
999 |c 2665621  |d 2667551